Welcome to CU Library Online Public Access Catalogue (OPAC)

Dr. Rosberg's do-it-yourself relationship mender / (Record no. 2924)

MARC details
000 -LEADER
fixed length control field 00870cam a2200229 a 4500
001 - CONTROL NUMBER
control field 4931207
005 - DATE AND TIME OF LATEST TRANSACTION
control field 20250123124340.0
008 - FIXED-LENGTH DATA ELEMENTS--GENERAL INFORMATION
fixed length control field 950323r19951992coua b 000 0 eng d
020 ## - INTERNATIONAL STANDARD BOOK NUMBER
International Standard Book Number 1561792578 (pbk.)
050 00 - LIBRARY OF CONGRESS CALL NUMBER
Classification number HM136
Item number .R67 1995
082 00 - DEWEY DECIMAL CLASSIFICATION NUMBER
Classification number 303.6/9
Edition information 20
100 1# - MAIN ENTRY--PERSONAL NAME
Personal name Rosberg, Gary,
Dates associated with a name 1952-
245 10 - TITLE STATEMENT
Title Dr. Rosberg's do-it-yourself relationship mender /
Statement of responsibility, etc. Gary Rosberg.
260 ## - PUBLICATION, DISTRIBUTION, ETC.
Place of publication, distribution, etc. Colorado Springs, Colo. :
Name of publisher, distributor, etc. Focus on the Family Pub. ;
Place of publication, distribution, etc. Dallas, Tex. :
Name of publisher, distributor, etc. Distributed in the U.S.A. and Canada by Word Books,
Date of publication, distribution, etc. c1995.
300 ## - PHYSICAL DESCRIPTION
Extent 328 p. :
Other physical details ill. ;
Dimensions 22 cm.
500 ## - GENERAL NOTE
General note Previously published as: Choosing to love again. 1992. With new study guide.
650 #0 - SUBJECT ADDED ENTRY--TOPICAL TERM
Topical term or geographic name entry element Conflict management.
650 #0 - SUBJECT ADDED ENTRY--TOPICAL TERM
Topical term or geographic name entry element Interpersonal conflict.
650 #0 - SUBJECT ADDED ENTRY--TOPICAL TERM
Topical term or geographic name entry element Interpersonal relations.
650 #0 - SUBJECT ADDED ENTRY--TOPICAL TERM
Topical term or geographic name entry element Interpersonal relations
General subdivision Religious aspects
-- Christianity.
942 ## - ADDED ENTRY ELEMENTS (KOHA)
Source of classification or shelving scheme Library of Congress Classification
Koha item type Books
Suppress in OPAC No
999 ## -
-- 2924
-- 2924
Holdings
Withdrawn status Lost status Source of classification or shelving scheme Damaged status Not for loan Collection Home library Current library Shelving location Date acquired Total checkouts Full call number Barcode Date last seen Copy number Price effective from Koha item type
    Library of Congress Classification     Non-fiction Undergraduate Library (Christ Temple) Undergraduate Library (Christ Temple) General stacks 01/23/2025   HM136.R67 ROS ulct00000887 01/23/2025 1 01/23/2025 Books
© 2023-2024 Copyright: Central University Libraries. All Rights Reserved | Created by: Mahone Tech Office